History Quiz

Random History or Biography Quiz

Historical autobiography Quiz Stats

Quiz not verified by Sporcle

Challenge
Share
Tweet
Embed
Score 0/30 Timer 06:00
0 Plays Today
Autobiography Figure % Correct
My works established the laws of motion, gravity and calculus and, as such, am considered one of the world's greatest scientists. Sir Isaac Newton
71%
My travels to the East helped to reopen the ancient silk road as well as reintroduce many of my countrymen to the existence of ChinaMarco Polo
70.1%
I transformed the backward Tsardom of Russia into the mighty and European Russian Empire. I founded the city of St Petersburg as my capitalPeter the Great
67.5%
I developed many household devices such as the motion picture camera. I hold over 1000 patents to my name.Thomas Edison
64.7%
My visitation from Allah led to the creation of one of the major faiths and also unified Arabia. Muhammad
61.2%
Originally a lowly monk, I gained influence by seemingly curing the Tsar's son of hemophilia. My death has become legend as I just wouldn't die.Grigori Rasputin
59.7%
My invention, the printing press, helped spark the modern era and re-educate EuropeJohannes Gutenberg
58.6%
I extended Babylonian influence over Mesopotamia, whilst establishing my code of law; one of the first of its kind.Hammurabi
57.6%
I led Latin America in their overthrowing of the Spanish Empire and helped establish the republic of Gran ColombiaSimón Bolívar
55.2%
Along with my friend Karl Marx, I published a manifesto which would influence the world and especially the 20th Century.Friedrich Engels
53%
As leader of the Committee of Public Safety, I attempted to cleanse Paris of the unvirtuous with the guillotine. However eventually even I fell foul to the 'National Razor'Maximilian Robespierre
51.1%
Despite being Prime Minister twice, I am most famous for my victory over the 'little corporal' in 1815.Arthur Wellesley, Duke of Wellington
44.8%
My epic poem traced my people's and my Emperor's ancestry to the destruction of TroyVirgil
43.8%
My famous victory at Agincourt is seen as the end of the 'Age of Chivalry' due to my extensive use of long-bowmen rather than mounted knightsHenry V
40%
I became known as 'father of the fatherland' as my military campaigns led to the unification of Italy under Victor Emmanuel IIGiuseppe Garibaldi
36.9%
Autobiography Figure % Correct
My tomb is the only remaining wonder of the ancient world.Khufu
34.9%
I established the field of extragalactic astronomy. Although long dead, my eye still gazes out to distant galaxiesEdwin Hubble
33.9%
I raced Captain Scott to the South Pole, beating his team by 33 days. I also led the first expedition to undisputedly reach the North PoleRoald Amundsen
32.5%
I met Atilla the Hun and convinced him to leave my countryLeo the Great
26.5%
My military campaigns established the Franks as the rulers of Gaul and halted Muslim expansion into EuropeCharles Martel
22.8%
When strange pilgrims came to my land I made them welcome, teaching them how to survive in their new surroundings. Although initially thankful, their descendants were less graciousSquanto
22.2%
I not only raided Britain but conquered it, adding it to my empire along with Denmark, Norway and Sweden. I was so powerful, my courtiers believed I could command the tide!Cnut the Great
21.6%
I presided over a period of rapid change in Japan which transformed my country from feudal state to world power in a few decades.Emperor Meiji
15.7%
I led the British troops during World War One and due to my failure to grasp modern technology and strategy I became known as 'the butcher of the Somme' Field Marshal Douglas Haig
15.3%
My generosity en-route to Mecca devastated the economies of Cairo, Medina and Mecca for a decade and alerted the Eurasian world to my powerful and rich West African EmpireMansa Musa
15.1%
I successfully led Ireland's fight for independence against British rule. I led the new Republic of Ireland until 1973 in various guises. Éamon de Valera
14.3%
As Chancellor of the Exchequer I introduced many social reforms to Britain including sick pay and old age pension. Later, I became known as 'the man who won the war' David Lloyd George
11.7%
My reign is known as 'the Golden age of the Mughals'. I built the Taj Mahal as a tomb for my beloved wife.Shah Jahan
9.8%
Inspired by the ancients, I fathered the Modern Olympic movement, winning my own gold medal for poetry in 1912 Pierre de Frédy, Baron de Coubertin
7.9%
I led the assembled Greeks at Marathon, successfully holding of the Persians, before sending the famous runner to warn the Athenians of the Persian fleetMilitiades
3.3%

You're not logged in!

Compare scores with friends on all Sporcle quizzes.
Join for Free
OR
Log In

You Might Also Like...

Show Comments

Extras

Top Quizzes Today


Score Distribution

Your Account Isn't Verified!

In order to create a playlist on Sporcle, you need to verify the email address you used during registration. Go to your Sporcle Settings to finish the process.

Report this User

Report this user for behavior that violates our Community Guidelines.

Details: